书目信息 |
| 题名: |
赵朴初说佛
|
|
| 作者: | 朱洪 | |
| 分册: | ||
| 出版信息: | 北京 当代中国出版社 2007 |
|
| 页数: | 235 | |
| 开本: | 20cm | |
| 丛书名: | ||
| 单 册: | ||
| 中图分类: | B94 | |
| 科图分类: | ||
| 主题词: | 佛教 | |
| 电子资源: | ||
| ISBN: | 978-7-80170-436-8 | |
| 000 | 00467nam0 2200181 450 | |
| 001 | 0757995392 | |
| 005 | 20071007160635.39 | |
| 010 | @a978-7-80170-436-8@d25 | |
| 100 | @a20071007d km y0chiy0120 ea | |
| 101 | 0 | @achi |
| 200 | 1 | @a赵朴初说佛@Azhao pu chu shuo fo@f朱洪@Fzhu hong |
| 210 | @a北京@c当代中国出版社@d2007 | |
| 215 | @a235@d20cm | |
| 606 | 0 | @a佛教 |
| 690 | @aB94@v3 | |
| 701 | 0 | @a朱洪@Azhu hong |
| 801 | 0 | @aCN@bPFT@c20071007 |
| 905 | @a213230@dB94@ea1@f1 | |
| 赵朴初说佛/朱洪.-北京:当代中国出版社,2007 |
| 235;20cm |
| ISBN 978-7-80170-436-8:25 |
| ● |
| 相关链接 |
|
|
|
|
正题名:赵朴初说佛
索取号:B94/a1
 
预约/预借
| 序号 | 登录号 | 条形码 | 馆藏地/架位号 | 状态 | 备注 |
| 1 | 7506333 | 275063333 | 史法系资料室/ [索取号:B94/a1] | 在馆 |